000 00361nam a22001337a 4500
005 20200620124703.0
008 200620b xxu||||| |||| 00| 0 eng d
082 _a345.4 AIR
245 _aALL INDIA REPORTER [MARCH-2019] [3] , VOL-106; [PART-1263]
260 _aMUMBAI
_bALL INDIA REPORTER, PVT. LTD.
300 _a24;p
650 _aLAW
_95701
942 _cJRL
999 _c7378
_d7376